书目信息 |
| 书名: | Linguistics and applied linguistics | |
| 作者: | by Robert L. Politzer. | |
| 分册号: | ||
| 分册名: | 出版地: | Philadelphia : |
|
| 出版社: | Center for Curriculum Development | |
| 出版时间: | [1972]. | |
| 页数: | vii, 169 p. ; | |
| 开本: | 23 cm. | |
| 丛书名: | Language and the teacher | |
| 中图分类号: | ||
| 科图分类号: | ||
| 其他分类号: | H0 | |
| 主题词: | ||
| 电子资源: | ||
| 000 | 00936cam a22002891 450 | |
| 001 | E0739666392 | |
| 005 | 20070505110522.26 | |
| 008 | 900924s1972 pau b 000 0 eng | |
| 010 | @a72192331 | |
| 020 | @a0838427065. | |
| 035 | @A(DLC) 72192331 | |
| 040 | @aDLC@cDLC@dDLC | |
| 050 | 00 | @aP51@b.P6 |
| 082 | 00 | @a410/.7 |
| 090 | @aH0 | |
| 099 | @dH0@ex82 | |
| 100 | 1 | @aPolitzer, Robert Louis,@d1921- |
| 245 | 10 | @aLinguistics and applied linguistics :@baims and methods / @cby Robert L. Politzer. |
| 250 | @a[1st ed.]. | |
| 260 | @aPhiladelphia :@bCenter for Curriculum Development,@c[1972]. | |
| 300 | @avii, 169 p. ;@c23 cm. | |
| 440 | 0 | @aLanguage and the teacher;@vv. 26 |
| 504 | @aBibliography: p. 153-169. | |
| 650 | 0 | @aLanguage and languages@xStudy and teaching. |
| 650 | 0 | @aApplied linguistics. |
| 906 | @a7@bcbc@corignew@d4@encip@f19@gy-gencatlg | |
| 991 | @bc-GenColl@hP51@i.P6@p00029947946@tCopy 1@wBOOKS | |
| Linguistics and applied linguistics : : aims and methods / / by Robert L. Politzer.-[1st ed.].-Philadelphia : : Center for Curriculum Development, , [1972]. |
| vii, 169 p. ; ; 23 cm.- (Language and the teacher; v. 26 ) |
| Bibliography: p. 153-169. |
| ISBN 0838427065. |
| ● |
| 相关链接 |
|
|
|
|
正题名:Linguistics and applied linguistics
索取号:H0/x82
 
预约/预借
| 序号 | 登录号 | 条形码 | 馆藏地/架位号 | 状态 | 备注 |
| 1 | 0006869 | 300068691 | 第二样本阅览室/ [索取号:H0/x82] | 在馆 | |
| 2 | 0006870 | 300068708 | 第四借阅区/ [索取号:H0/x82] | 在馆 |